Predpokladaný vývoj produkcie a intenzity komodít rastlinnej výroby pod vplyvom klimatickej zmeny
Všeobecne sa očakáva, že vpyv zmenenej klímy sa negatívne prejaví na vytváraní spoločenských hodnôt. Definícia klimatickej zmeny. Hodnotenie ekonomiky pestovania komodít pod vplyvom klimatickej zmeny. Štruktúra a intenzita rastlinnej výroby. Návrh opatrení regionálneho rozvoja. Slovenské poľnohospod...
Enregistré dans:
| Auteur principal: | |
|---|---|
| Autres auteurs: | |
| Format: | Chapitre de livre |
| Langue: | slovaque |
| Sujets: | |
| Tags: |
Pas de tags, Soyez le premier à ajouter un tag!
|
MARC
| LEADER | 00000naa$a2200000$$$4500 | ||
|---|---|---|---|
| 001 | 0049608 | ||
| 005 | 20231018091449.8 | ||
| 041 | 0 | |a slo | |
| 044 | |a SK | ||
| 245 | 1 | 0 | |a Predpokladaný vývoj produkcie a intenzity komodít rastlinnej výroby pod vplyvom klimatickej zmeny |c Jozef Chudý, Ladislav Čižmárik |
| 520 | |a Všeobecne sa očakáva, že vpyv zmenenej klímy sa negatívne prejaví na vytváraní spoločenských hodnôt. Definícia klimatickej zmeny. Hodnotenie ekonomiky pestovania komodít pod vplyvom klimatickej zmeny. Štruktúra a intenzita rastlinnej výroby. Návrh opatrení regionálneho rozvoja. Slovenské poľnohospodárstvo pri využití zdrojov domácej produkcie a pri spnení potrebných nevyhnutných sprievodných opatrení bude schopné zabezpečiť dostatok hlavných druhov potravín aj pod vplyvom klimatickej zmeny. "Obilnica Slovenska" sa posunie zo Žitného ostrova do okrajov nížin a na pahorkatiny. | ||
| 610 | 2 | 0 | |a výroba rastlinná |
| 610 | 2 | 0 | |a štruktúra výroby |
| 610 | 2 | 0 | |a produkcia |
| 610 | 2 | 0 | |a intenzita výroby |
| 610 | 2 | 0 | |a komodity |
| 610 | 2 | 0 | |a zmeny klimatické |
| 610 | 2 | 0 | |a Slovensko |
| 100 | 1 | |a Chudý, Jozef | |
| 700 | 1 | |a Čižmárik, Ladislav | |